00782nam a2200169Ia 4500008004100000020001800041041000800059082001600067100001800083245028000101250000600381260003900387300001200426650002500438999001900463952013000482210716s2015 xx 000 0 und d a9781783553532 aeng a004.69 WAHP aWaher, Peter. aLearning internet of things: explore and learn about internet of things with the help of engaging and enlightening tutorials designed for raspberry Pi.bExplore and learn about internet of things with the help of engaging and enlightening tutorials designed for raspberry Pi. a1 aMumbaibPackt Publishing Ltdc2015 avii,221 aInternet / Mutimedia c196818d196818 001040708MCAaAIMITbAIMITeKnowledge Worldg799.00l0o004.69 WAHPpMCA16333r2025-07-21 00:00:00v599.25w2021-07-16yBK